English language and comprehansion : (Record no. 146316)

MARC details
000 -LEADER
fixed length control field 00655nam a22002057a 4500
005 - DATE AND TIME OF LATEST TRANSACTION
control field 20171009152721.0
010 ## - LCCN (DPL NO)
LC control number ENG-120763
020 ## - INTERNATIONAL STANDARD BOOK NUMBER
International Standard Book Number 9789352607174
Terms of availability 385.00
020 ## - INTERNATIONAL STANDARD BOOK NUMBER
International Standard Book Number 9352607171
Terms of availability 385.00
035 ## - SYSTEM CONTROL NUMBER
System control number EN-104295
037 ## - SOURCE OF ACQUISITION
Source of stock number/acquisition DBAD/PUB
082 ## - DEWEY DECIMAL CLASSIFICATION NUMBER
Classification number 480
100 ## - MAIN ENTRY--PERSONAL NAME
Personal name Hari Mohan Prasad
245 ## - TITLE STATEMENT
Title English language and comprehansion :
Statement of responsibility, etc by Hari Mohan Parsad [and] Swetali Mohan
Remainder of title anglo-hindi /
260 ## - PUBLICATION, DISTRIBUTION, ETC. (IMPRINT)
Place of publication, distribution, etc Noida
Name of publisher, distributor, etc McGraw Hill education
Date of publication, distribution, etc 2018
270 ## - ADDRESS
Address B-4, Sector-63,Dist. Gautam Budh Nagar
City Noida,(UP)
Postal code 201301
300 ## - PHYSICAL DESCRIPTION
Extent vii,C245p.
Dimensions 24cm(pbk)
700 ## - ADDED ENTRY--PERSONAL NAME
Personal name Hari Mohan Prasad
942 ## - ADDED ENTRY ELEMENTS (KOHA)
Source of classification or shelving scheme Dewey Decimal Classification
Item type English Books
Classification part 480
Call number suffix HAR
Holdings
Withdrawn status Lost status Not for loan Collection code Home library Current library Date acquired Source of acquisition Cost, normal purchase price Full call number Barcode Copy number Cost, replacement price Koha item type
      Non-fiction Shahdara Branch Shahdara Branch 09/10/2017 DBAD/PUB 385.00 480 PRA EN-104295 1 385.00 English Books

© Delhi Public Library
Hit Counter
free hit counter